<?xml version="1.0" encoding="UTF-8"?>
<record
    xmlns:xsi="http://www.w3.org/2001/XMLSchema-instance"
    xsi:schemaLocation="http://www.loc.gov/MARC21/slim http://www.loc.gov/standards/marcxml/schema/MARC21slim.xsd"
    xmlns="http://www.loc.gov/MARC21/slim">

  <leader>01206nam a2200277Ia 4500</leader>
  <controlfield tag="003">OSt</controlfield>
  <controlfield tag="005">20241023163104.0</controlfield>
  <controlfield tag="008">200731s9999    xx            000 0 und d</controlfield>
  <datafield tag="020" ind1=" " ind2=" ">
    <subfield code="a">1885216831</subfield>
  </datafield>
  <datafield tag="020" ind1=" " ind2=" ">
    <subfield code="a">9781885216830 &#xA0;</subfield>
  </datafield>
  <datafield tag="040" ind1=" " ind2=" ">
    <subfield code="c">0</subfield>
  </datafield>
  <datafield tag="041" ind1=" " ind2=" ">
    <subfield code="a">chi</subfield>
    <subfield code="h">eng</subfield>
  </datafield>
  <datafield tag="050" ind1=" " ind2=" ">
    <subfield code="a">BV4597.3</subfield>
    <subfield code="b">.P4812 2007</subfield>
  </datafield>
  <datafield tag="100" ind1=" " ind2=" ">
    <subfield code="a">Philips, Bob </subfield>
  </datafield>
  <datafield tag="245" ind1=" " ind2=" ">
    <subfield code="a">&#x8D70;&#x51FA;&#x60C5;&#x7DD6;&#x98A8;&#x66B4;:</subfield>
    <subfield code="b"> = Getting off the emotional roller coaster /</subfield>
    <subfield code="c">&#x9B91;&#x4F2F;&#xB7;&#x8153;&#x7ACB;&#x666E;&#x65AF; (Bob Philips) &#x8457;; &#x8521;&#x5CB1;&#x5B89;&#x8B6F;</subfield>
  </datafield>
  <datafield tag="246" ind1=" " ind2=" ">
    <subfield code="a">&#x8D70;&#x51FA;&#x60C5;&#x7EEA;&#x98CE;&#x66B4;:</subfield>
  </datafield>
  <datafield tag="260" ind1=" " ind2=" ">
    <subfield code="a">&#x6D1B;&#x6749;&#x78EF;,</subfield>
    <subfield code="b">&#x53F0;&#x798F;&#x50B3;&#x64AD;&#x4E2D;&#x5FC3;, </subfield>
    <subfield code="c">2007</subfield>
  </datafield>
  <datafield tag="300" ind1=" " ind2=" ">
    <subfield code="a">239 p. :</subfield>
    <subfield code="b">ill. ;</subfield>
    <subfield code="c">21 cm.</subfield>
  </datafield>
  <datafield tag="500" ind1=" " ind2=" ">
    <subfield code="a">Translation of: Getting off the emotional roller coaster / Bob Phillips ; Eugene, Or. : Harvest House Publishers, 2001.</subfield>
  </datafield>
  <datafield tag="505" ind1=" " ind2=" ">
    <subfield code="a">&#x6B64;&#x66F8;&#x5C07;&#x63D0;&#x4F9B;&#x4F60;&#x4E00;&#x4E9B;&#x554F;&#x984C;&#x548C;&#x7DF4;&#x7FD2;&#x4F86;&#x5E6B;&#x52A9;&#x4F60;&#x8A55;&#x4F30;&#x8655;&#x5883;&#xFF0C;&#x4E26;&#x904B;&#x4E00;&#x4E9B;&#x7D93;&#x7BC0;&#x4F86;&#x6FC0;&#x767C;&#x4F60;&#x7684;&#x610F;&#x5FD7;&#x8207;&#x52C9;&#x52F5;&#x4F60;&#x3002;&#x9019;&#x672C;&#x5BEB;&#x5BE6;&#x53C8;&#x5BE6;&#x7528;&#x7684;&#x6307;&#x5F15;&#xFF0C;&#x5C07;&#x5E6B;&#x52A9;&#x4F60;&#x627E;&#x5230;&#x7C21;&#x6613;&#x7684;&#x7B54;&#x6848;&#x8207;&#x5FEB;&#x901F;&#x7684;&#x89E3;&#x6C7A;&#x4E4B;&#x9053;&#xFF0C;&#x5E6B;&#x52A9;&#x4F60;&#x5728;&#x6BCF;&#x65E5;&#x7684;&#x751F;&#x6D3B;&#x88E1;&#x5C0B;&#x5F97;&#x5E73;&#x5B89;&#x8207;&#x5E0C;&#x671B;&#x3002;</subfield>
  </datafield>
  <datafield tag="650" ind1=" " ind2=" ">
    <subfield code="a">Christianity -- Psychology.</subfield>
  </datafield>
  <datafield tag="650" ind1=" " ind2=" ">
    <subfield code="a">Emotions -- Religious aspects -- Christianity.</subfield>
  </datafield>
  <datafield tag="700" ind1=" " ind2=" ">
    <subfield code="a">&#x8521;&#x5CB1;&#x5B89;</subfield>
  </datafield>
  <datafield tag="700" ind1=" " ind2=" ">
    <subfield code="a">&#x9B91;&#x4F2F;&#xB7;&#x8153;&#x7ACB;&#x666E;&#x65AF;</subfield>
  </datafield>
  <datafield tag="942" ind1=" " ind2=" ">
    <subfield code="2">ddc</subfield>
    <subfield code="c">CB</subfield>
  </datafield>
  <datafield tag="952" ind1=" " ind2=" ">
    <subfield code="0">0</subfield>
    <subfield code="1">0</subfield>
    <subfield code="4">0</subfield>
    <subfield code="7">0</subfield>
    <subfield code="a">GETS</subfield>
    <subfield code="b">GETS</subfield>
    <subfield code="c">GEN</subfield>
    <subfield code="d">2020-07-12</subfield>
    <subfield code="l">0</subfield>
    <subfield code="o">BV4597.3 .P4812 2007</subfield>
    <subfield code="p">00000535</subfield>
    <subfield code="r">2020-07-12 00:00:00</subfield>
    <subfield code="w">2020-07-12</subfield>
    <subfield code="y">CB</subfield>
  </datafield>
  <datafield tag="999" ind1=" " ind2=" ">
    <subfield code="c">582</subfield>
    <subfield code="d">582</subfield>
  </datafield>
</record>
